[Event "Landesliga Sued 0607"]
[Site "Bayern"]
[Date "2006.12.10"]
[Round "4.2"]
[White "Schnelzer, Reinhold"]
[Black "Geberl, Hans Walter"]
[Result "1-0"]
[WhiteElo "2154"]
[BlackElo "2219"]
[PlyCount "120"]
[EventDate "2006.10.15"]
[EventType "team-tourn"]
[EventRounds "9"]
[EventCountry "GER"]
[SourceTitle "EXT 2008"]
[Source "ChessBase"]
[SourceDate "2007.11.25"]
[SourceVersion "1"]
[SourceVersionDate "2007.11.25"]
[SourceQuality "1"]
[WhiteTeam "Haunstetten"]
[BlackTeam "Ingolstadt"]
[WhiteTeamCountry "GER"]
[BlackTeamCountry "GER"]

1. Nf3 Nf6 2. c4 e6 3. g3 d5 4. d4 Be7 5. Bg2 0-0 6. 0-0 dxc4 7. Qa4 a6 8. Qxc4 b5 9. Qc2 Bb7 10. Bd2 Nc6 11. a4 Nxd4 12. Nxd4 Bxg2 13. Nxe6 Be4 14. Nxd8 Bxc2 15. Nc6 Bd6 16. axb5 axb5 17. Na3 Be4 18. Nd4 c6 19. f3 Bc5 20. Be3 Bd5 21. Rfc1 Ba7 22. Bf2 Rfd8 23. Nxc6 Bxc6 24. Rxc6 h5 25. Bxa7 Rxa7 26. Rac1 Rd5 27. Rc8+ Kh7 28. Rb8 Rd2 29. Rc2 Rad7 30. Kf2 Rxc2 31. Nxc2 Rd2 32. Rc8 Rd5 33. Ke1 g5 34. Rb8 g4 35. Na3 gxf3 36. exf3 Re5+ 37. Kf2 Rd5 38. Rxb5 Rd2+ 39. Kg1 Nd5 40. Nc4 Rd4 41. b3 h4 42. Kg2 hxg3 43. hxg3 Kg7 44. Rb7 Kf6 45. Kf2 Ke6 46. g4 Rd3 47. Rxf7 Rxb3 48. Rf5 Nb4 49. Re5+ Kf6 50. Kg3 Rc3 51. Rf5+ Ke6 52. Nd2 Nc2 53. Rf6+ Ke5 54. Ne4 Rc4 55. Rf8 Ke6 56. Re8+ Kd7 57. Nf6+ Kd6 58. g5 Nd4 59. Re4 Nf5+ 60. Kf4 Rc5 1-0

[Event "Landesliga Sued 0405"]
[Site "Bayern"]
[Date "2005.03.13"]
[Round "8.3"]
[White "Geberl, Hans Walter"]
[Black "Zach, Andreas"]
[Result "0-1"]
[WhiteElo "2224"]
[BlackElo "2265"]
[PlyCount "40"]
[EventDate "2004.10.24"]
[EventType "team-tourn"]
[EventRounds "9"]
[EventCountry "GER"]
[SourceTitle "EXT 2007"]
[Source "ChessBase"]
[SourceDate "2006.11.23"]
[SourceVersion "1"]
[SourceVersionDate "2006.11.23"]
[SourceQuality "1"]
[WhiteTeam "Ingolstadt"]
[BlackTeam "Groebenzell"]
[WhiteTeamCountry "GER"]
[BlackTeamCountry "GER"]

1. e4 e6 2. d4 d5 3. Nc3 Nf6 4. e5 Nfd7 5. f4 c5 6. Nf3 Nc6 7. Be3 a6 8. Qd2 f5 9. Qf2 Qa5 10. dxc5 Nxc5 11. Qd2 b5 12. Bd3 Bb7 13. 0-0 Rd8 14. Qf2 Nxd3 15. cxd3 d4 16. Nxd4 Nxd4 17. Bxd4 Rxd4 18. Qxd4 b4 19. Kh1 bxc3 20. bxc3 Bc5 0-1

[Event "Landesliga Sued 0405"]
[Site "Bayern"]
[Date "2004.12.12"]
[Round "4.3"]
[White "Geberl, Hans Walter"]
[Black "Joerg, Harald"]
[Result "1/2-1/2"]
[WhiteElo "2224"]
[BlackElo "2189"]
[PlyCount "124"]
[EventDate "2004.10.24"]
[EventType "team-tourn"]
[EventRounds "9"]
[EventCountry "GER"]
[SourceTitle "EXT 2007"]
[Source "ChessBase"]
[SourceDate "2006.11.23"]
[SourceVersion "1"]
[SourceVersionDate "2006.11.23"]
[SourceQuality "1"]
[WhiteTeam "Ingolstadt"]
[BlackTeam "Muenchen Siemens"]
[WhiteTeamCountry "GER"]
[BlackTeamCountry "GER"]

1. e4 e5 2. Nf3 Nc6 3. Nc3 Nf6 4. Bb5 Nd4 5. Nxd4 exd4 6. e5 dxc3 7. exf6 Qxf6 8. bxc3 c6 9. Be2 d5 10. d4 Bd6 11. 0-0 Bf5 12. c4 0-0 13. Rb1 b6 14. cxd5 cxd5 15. Rb5 Rac8 16. Bd3 Bxd3 17. Qxd3 Rfd8 18. g3 Bf8 19. Bd2 a6 20. Rb2 Rc4 21. c3 b5 22. Re1 Ba3 23. Rbb1 Bd6 24. Kg2 Qg6 25. Qf3 Rcc8 26. a4 Qc2 27. Bg5 f6 28. Be3 Qxa4 29. Qxd5+ Kh8 30. Qe6 Qc4 31. d5 Be5 32. Red1 Rd6 33. Qf7 Rcd8 34. Rb4 Qxc3 35. Rh4 Qc2 36. Qh5 Kg8 37. Rd2 Qg6 38. Qf3 Bc3 39. Rd1 Qf7 40. Rc1 Be5 41. Rc6 Qxd5 42. Qxd5+ Rxd5 43. Rxa6 Rb8 44. Rb4 Bc3 45. Rb3 b4 46. Rc6 Rdb5 47. g4 R8b7 48. h4 Kf7 49. h5 Ke7 50. Kf3 Kd7 51. Ra6 Be5 52. Bd2 Bd6 53. Be3 Rc7 54. Bd2 Rc4 55. Rd3 Rc6 56. Ra7+ Ke6 57. Rb3 Rc2 58. Be3 Rc7 59. Ra6 Rc3 60. Rxc3 bxc3 61. Bf4 Rd5 62. Rc6 Rd1 1/2-1/2